| 000 | 00675cam a2200241ua 4500 | ||
|---|---|---|---|
| 001 | 255 | ||
| 008 | 110326n ii |||gr||||Z||||||eng | ||
| 020 | _a81-8333-010-X | ||
| 020 | _a978-81-8333-010-7 | ||
| 040 | _cMAIN | ||
| 082 | _a005.73 | ||
| 245 | 1 | 0 |
_aData structures through `C` language : _b`A` level made simple / _cby Madhulika Jain |
| 250 | _a2nd. | ||
| 260 |
_aNew Delhi: _bBPB publications, _c2007. |
||
| 300 |
_axiv, 289p.: _bill.;8cm. |
||
| 653 | _aComputer science | ||
| 653 | _aData structure | ||
| 653 | _aProgramming language C | ||
| 700 | 1 |
_aJain, Madhulika, _eAuthor. |
|
| 700 | 1 |
_aSingh, Shashi, _eAuthor. |
|
| 700 | 1 | _aJain, Satish, | |
| 942 | _cBK | ||
| 999 |
_c216 _d216 |
||